000 01000cab a2200241 4500
001 WB2824-03
008 090401t1992 xxu||||| |||| 00| 0 eng d
035 _a(Sirsi) u39026
041 _aeng
245 _aRIBA to issue rules for D&B
260 _c1992
350 _a0
490 _aNew Builder
_v(132) 4 June 1992, 10(1)
520 _aThe Royal Institute of British Architects (RIBA) is to publish specially prepared rules of engagement for management and design and build contracts, incorporating a detailed model agreement recognising the roles played by clients and other consultants in major projects. RIBA is also due to produce a revised edition of the `Red Book` concerned with the terms of engagement for architects.
650 _aBUILT ENVIRONMENT-BUILDING CONTRACT FORMS
650 _aDESIGN AND BUILD
650 _aGREYCOAT
650 _aRIBA
650 _aTERMS OF ENGAGEMENT
690 _aBUILT ENVIRONMENT-BUILDING CONTRACT FORMS
942 _n0
948 _c04/03/1997
999 _c25021
_d25021